000 004340000a22001810004500
003 MACL
005 20151013125245.0
008 151013b xxu||||| |||| 00| 0 eng d
040 _aMACL
_cMACL
041 _aEnglish
082 _a920/AHL
100 _aAhluwalia, B.K.
_914552
245 _aFacets Of Sardar Patel
260 _bKalyani publishers
_c1974
_aDelhi
350 _a25
650 _aBiography
_914553
942 _cBK
_k920
_2ddc
999 _c6186
_d6186